| 000 | 00770nam a2200217Ia 4500 | ||
|---|---|---|---|
| 003 | GCL | ||
| 008 | 140319s9999 xx 000 0 ara d | ||
| 040 |
_aGCL / _cGCL |
||
| 082 | 0 | 4 |
_a846.008 _bهـ ر |
| 100 | 1 | _aاحمد رضا محمد رضا | |
| 245 | 1 | 0 |
_aرسائل وأحاديث من المنفى / _cاحمد رضا محمد رضا |
| 700 | 1 | _aمحمود خليل النحاس (مراجع) | |
| 700 | 1 | _aهوجو، فيكتور | |
| 260 |
_aالقاهرة : _bالهيئة المصرية العامة للكتاب ، _c1986 |
||
| 300 |
_a389 ص ؛ _c25 سم |
||
| 490 |
_aالالف كتاب _v26 |
||
| 650 | 0 | 4 | _aالرسائل الفرنسية |
| 650 | 0 | 4 | _aالادب الفرنسى المترجم |
| 650 | 0 | 4 | _aالمجموعات |
| 942 |
_2ddc _cBK |
||
| 999 |
_c30007 _d30007 |
||